Polymer stabilization /

Bibliographic Details
Other Authors: Hawkins, W. Lincoln, 1911-
Format: Book
Language:English
Published: New York : Wiley-Interscience, [1971]
Subjects:

MARC

Tag First Indicator Second Indicator Subfields
LEADER 00000cam a2200000 4500
001 in00000094513
005 20150927110457.0
008 720125c19711972nyua b 00100 eng
010 |a  70154324  
020 |a 0471363006 
035 |a (OCoLC)00239894 
035 |9 AAL6378AM 
040 |a DLC  |c DLC  |d TXA  |d UtOrBLW 
049 |a TXAM  |c [1015777] 
050 0 0 |a TP1122  |b .P65 
082 0 |a 668.4/1 
245 0 0 |a Polymer stabilization /  |c Edited by W. Lincoln Hawkins. 
264 1 |a New York :  |b Wiley-Interscience,  |c [1971] 
264 4 |c [©1972] 
300 |a viii, 452 pages :  |b illustrations ;  |c 23 cm. 
336 |a text  |b txt  |2 rdacontent 
337 |a unmediated  |b n  |2 rdamedia 
338 |a volume  |b nc  |2 rdacarrier 
504 |a Includes bibliographical references. 
650 0 |a Polymers  |x Deterioration. 
650 0 |a Stabilizing agents. 
700 1 |a Hawkins, W. Lincoln,  |d 1911- 
999 |a MARS 
999 f f |s 9389bbb3-1d19-3c8d-bd39-5c3bd9b5b842  |i 72734307-852f-3fd5-8533-22e5a404814c  |t 0 
952 f f |p normal  |a Texas A&M University  |b College Station  |c Sterling C. Evans Library  |d Evans: Library Stacks  |t 0  |e TP1122 .P65  |h Library of Congress classification  |i unmediated -- volume  |m A14805620381 
998 f f |a TP1122 .P65  |t 0  |l Evans: Library Stacks